000 00606nam a22002297a 4500
003 UA-OsUOA
001 42226
007 ta
008 20081203b un ||||| |||| 00| 0 ukr d
090 _a94(477).152(К)
_bС96
942 _cBR
040 _aUA-OsUOA
_bukr
_cUA-OsUOA
_dUA-OsUOA
245 _aVII Конгрес українців Канади
_b5-7 липня 1962
300 _a8 с.
955 _a4
041 _aukr
080 _a94(477).152(К)
260 _aВінніпег
246 3 1 _aРізне
650 7 _a9 Географія. Біографії. Історія
_2UDC
999 _c440724
_d440724